00729cam a22002173a 450000100060000000300060000600500170001200800410002904000150007004200070008505000070009210000390009924501350013826000290027350600300030251600200033265300260035265300620037883000290044085600420046922143PGUSA20140828083454.0070725s2007||||xxu|||||s|||||000 | eng d aPGUSAbeng adc 4aHE1 aOppenheim, L.q(Lassa),d1858-191914aThe Panama Canal Conflict between Great Britain and the United States of America :bA Studyh[electronic resource] /cL. Oppenheim bProject Gutenberg,c2007 aPublic domain in the USA. aElectronic text aPanama Canal (Panama) aGreat Britain. Treaties, etc. United States, 1901 Nov. 18 0aProject Gutenbergv2214340uhttp://www.gutenberg.org/ebooks/22143